000 00648nam a2200241Ia 4500
003 OSt
005 20220924152711.0
006 a|||||r|||| 00| 0
007 ta
008 220923b |||||||| |||| 00| 0 guj d
020 _c40.00
024 _a344000
037 _cTextual
040 _aARTS
_cARTS
_bguj
041 _2guj
_aguj
082 _aO152,9D273v, 156M7
100 _aTopiwala Chandrakant
_9174587
245 0 _aMaithili sahityana itihasni rooprekha
260 _c1987
650 _aHINDI LITERATURE
_923866
942 _hO152,9D273v, 156M7
_cTEXL
_2CC
999 _c470706
_d470706